000 00371nam a2200157Ia 4500
100 _aJoyce M/ Wallersteiner
650 _aGeneral
942 _cBK
654 _aGeneral
245 _aErgonomics : Humanizing the automated office
260 _bSouth West Pub
_aCincinnati
_c1989
082 _a620.82
_bJOY/WAL
300 _a181
546 _aENGLISH
999 _c23085
_d23085